Como un ciprés, Manolete (Record no. 188629)

MARC details
000 -LEADER
campo de control de longitud fija 00940nam a2200253 i 4500
001 - NÚMERO DE CONTROL
campo de control 188629
003 - IDENTIFICADOR DE NÚMERO DE CONTROL
campo de control SpMaBN
005 - FECHA Y HORA DE LA ÚLTIMA TRANSACCIÓN
campo de control 20250608193144.0
008 - DATOS DE LONGITUD FIJA--INFORMACIÓN GENERAL
campo de control de longitud fija 190115s2013 sp acf |||| |dspa d
020 ## - NÚMERO INTERNACIONAL ESTÁNDAR DEL LIBRO
Número Internacional Estándar del Libro 978-84-616-4066-9
020 ## - NÚMERO INTERNACIONAL ESTÁNDAR DEL LIBRO
Número Internacional Estándar del Libro 84-616-4066-7
080 ## - NÚMERO DE LA CLASIFICACIÓN DECIMAL UNIVERSAL
Número de la Clasificación Decimal Universal 929 Manolete
080 ## - NÚMERO DE LA CLASIFICACIÓN DECIMAL UNIVERSAL
Número de la Clasificación Decimal Universal 791.862 Manolete
100 1# - ENTRADA PRINCIPAL--NOMBRE DE PERSONA
Nombre de persona Ballester Lorca, Pedro.
9 (RLIN) 165971
245 10 - MENCIÓN DEL TÍTULO
Título Como un ciprés, Manolete
Resto del título : reflexiones antropológicas y estéticas /
Mención de responsabilidad, etc. Pedro Ballester Lorca.
260 ## - PUBLICACIÓN, DISTRIBUCIÓN, ETC.
Lugar de publicación, distribución, etc. [Córdoba :
Nombre del editor, distribuidor, etc. P. Ballester,
Fecha de publicación, distribución, etc. 2013] (
Lugar de fabricación/manufactura Villa del Río, Córdoba :
Fabricante A.G. Unigraf)
300 ## - DESCRIPCIÓN FÍSICA
Extensión 396 p. :
Otras características físicas il., fot. ;
Dimensiones 24 cm.
504 ## - NOTA DE BIBLIOGRAFÍA, ETC.
Nota de bibliografía, etc. Bibliografía: p. 391-396.
600 17 - PUNTO DE ACCESO ADICIONAL DE MATERIA--NOMBRE DE PERSONA
Nombre de persona Manolete,
Fechas asociadas al nombre 1917-1947
Fuente del encabezamiento o término
9 (RLIN) 161488
852 ## - LOCALIZACIÓN
Ubicación ES-MaACL
Número de control de estantería A-14297
itemnumber 195760
Sublocalización o colección R.151693
Ubicación en estantería Depósito 1
Signatura antigua Olim: N-7297
Donativo/Legado Donación: Centro de Asuntos Taurinos
914 ## - NOMBRE ENTIDAD DE DONANTE
RLIN 234656
Nombre de congreso/reunión o jurisdicción como elemento de entrada Centro de Asuntos Taurinos (Madrid)
Unidad subordinada Donante
942 ## - ELEMENTOS DE ENTRADA SECUNDARIOS (KOHA)
Fuente del sistema de clasificación o colocación Clasificación decimal universal
Tipo de ítem Koha Libro impreso
Holdings
Estatus retirado Estado de pérdida Fuente del sistema de clasificación o colocación Estado de daño No para préstamo Biblioteca de origen Biblioteca actual Ubicación en estantería Fecha de adquisición Fuente de adquisición Total de préstamos Signatura topográfica completa Código de barras Visto por última vez Precio de reemplazo Tipo de ítem Koha
    Clasificación decimal universal     Biblioteca del Ateneo de Madrid Biblioteca del Ateneo de Madrid Depósito 1 15/01/2019 Donación   A-14297 1199624 23/02/2023 23/02/2023 Libro impreso